000 004800000a22001930004500
001 004395
003 MACL
005 20151015154243.0
008 151015b xxu||||| |||| 00| 0 eng d
040 _aMACL
_cMACL
041 _aEnglish
082 _a920.72
100 _aGupta, Indra
_915053
245 _aIndia's 50 Most Illustrious Women
_cIndra Gupta
260 _aNew Delhi
_c2003
_bIcon Publications,
350 _a195
650 _aBiography
_915054
942 _k920
_cBK
_2ddc
999 _c16286
_d16286